El puñal del godo / (Record no. 16355)

000 -CABECERA
fixed length control field 00608nam a22002057a 4500
003 - IDENTIFICADOR DEL NÚMERO DE CONTROL
control field AR-CdUCM
008 - DATOS DE LONGITUD FIJA--INFORMACIÓN GENERAL
fixed length control field 190503b ||||| |||| 00| 0 spa d
040 ## - FUENTE DE LA CATALOGACIÓN
Agencia/entidad que catalogó originalmente la obra MUNICIPALIDAD PROVINCIAL DEL CUSCO
Entidad que transcribió la catalogación BIBLIOTECA MUNICIPAL DEL CUSCO
082 ## - NÚMERO DE LA CLASIFICACIÓN DECIMAL DEWEY
No. de Clasificación 868.532 /
Notacion interna Z88
100 ## - ENTRADA PRINCIPAL--NOMBRE DE PERSONA
Nombre Personal Zorrilla y Moral, José
245 ## - MENCIÓN DE TÍTULO
Título El puñal del godo /
260 ## - PUBLICACIÓN, DISTRIBUCIÓN, ETC.
Nombre de la editorial, distribuidor, etc. Edit. Continental,
300 ## - DESCRIPCIÓN FÍSICA
Nº de Páginas Extensión 54 páginas ;
Dimensiones 17 cm.
505 ## - NOTA DE CONTENIDO CON FORMATO
Nota de contenido formateada Contenido: Teatro español.
650 ## - PUNTO DE ACCESO ADICIONAL DE MATERIA--TÉRMINO DE MATERIA
Descriptor Teatro español
9 (RLIN) 648
650 ## - PUNTO DE ACCESO ADICIONAL DE MATERIA--TÉRMINO DE MATERIA
Descriptor Siglo XIX
9 (RLIN) 971
650 ## - PUNTO DE ACCESO ADICIONAL DE MATERIA--TÉRMINO DE MATERIA
Descriptor Adaptaciones
9 (RLIN) 1309
942 ## - ELEMENTOS DE PUNTO DE ACCESO ADICIONAL (KOHA)
Fuente de clasificación
Tipo de item Libros-BMC
945 ## - PROCESAMIENTO DE INFORMACIÓN LOCAL (OCLC)
Catalogador davv
AAAA-MM-DD - Fecha de ingreso o modificacion 03/05/2019
Holdings
Estado de retiro (separado) Fuente de clasificación o esquema de estanterías Estado dañado Ubicación Sala donde se ubica Nombre de la colección Fecha de adquisición o compra Costo, precio normal en soles Signatura topográfica Código de Barras Última vez visto (Koha) Tipo de ítem (Koha)
No     Sala Humanidades Sala Humanidades Book Cart 2019-05-03 10.00 868.532 / Z88 SH0000011466 2019-05-03 Libros-BMC
No     Sala Humanidades Sala Humanidades Book Cart 2019-05-03 10.00 868.532 / Z88 / e.2 SH0000012417 2019-05-08 Libros-BMC

Powered by Koha